[Event "Oslo Esports Cup"]
[Site "Oslo"]
[Date "2022.04.27"]
[Round "6.2"]
[White "Hansen, Eric"]
[Black "Carlsen, Magnus"]
[Result "1/2-1/2"]
[WhiteElo "2606"]
[BlackElo "2864"]
[Annotator "John Upper"]
[PlyCount "93"]
[EventDate "2022.04.22"]
[EventType "tourn (rapid)"]
[EventRounds "7"]
[EventCountry "NOR"]
[SourceTitle "Chess Canada Tactiosauru"]
[Source "CFC/John Upper"]
[SourceDate "2023.03.11"]
[SourceVersion "1"]
[SourceVersionDate "2023.03.11"]
[SourceQuality "1"]

{[%evp 0,93,24,11,51,37,37,25,14,15,8,1,-3,8,8,-2,-2,5,-7,0,2,-17,3,-12,-12,
-11,0,-7,-7,-10,-11,-34,-25,-62,-104,-101,-104,-117,-101,-105,-48,-76,-18,-39,
-55,-57,-22,-23,7,-23,-19,-19,-20,-21,-5,0,5,5,-4,0,5,8,12,12,140,21,19,26,0,0,
0,0,-6,-6,0,-6,-6,-6,31,0,0,-94,-59,-59,-59,0,0,0,0,0,0,0,0,0,0,0]} 1. e4 c5 2.
Nf3 e6 3. g3 d5 4. exd5 exd5 5. Bg2 Nc6 6. O-O Nf6 7. d4 Be7 8. dxc5 Bxc5 {[#]}
9. Nc3 (9. a3 O-O 10. b4 Bb6 11. Bb2 Ne4 12. Nc3 Be6 13. Na4 Bc7 14. Nd4 Re8
15. c4 $16 Ne5 16. Nxe6 fxe6 17. cxd5 exd5 18. Nc3 $18 {(1-0, 41) Nakamura,H 
(2736)-Zubov,A (2601) Moscow World Blitz Ch, 2019.}) 9... O-O 10. Bg5 Be6 (
10... d4 11. Ne4 Be7 12. Nxf6+ Bxf6 13. Bxf6 Qxf6 14. Ne1 Bf5 15. Nd3 Ne5 16.
Nxe5 Qxe5 17. Re1 Qc5 18. Be4 Bxe4 19. Rxe4 $11 {(½-½, 30) Hansen,E (2577)
-So,W (2701) Calgary, 2013.}) 11. Nd2 Bd4 12. Nb3 Bxc3 13. bxc3 h6 14. Be3 Rc8
15. a4 Re8 16. h3 Ne4 17. Bd4 Bf5 18. Re1 Nxd4 19. cxd4 Nc3 20. Qd2 Rxe1+ 21.
Rxe1 Nxa4 22. Qb4 Nb6 23. Nc5 $44 Bxc2 24. Nxb7 Qf6 25. Nc5 Bf5 $15 26. Re5 Kh7
27. Bf1 Bg6 28. h4 Rxc5 $5 29. Qxc5 Nd7 30. Qxd5 Nxe5 31. dxe5 $8 $11 Qb6 $2 {
[%mdl 32832] [#] Critical Position What do you do about Magnus Carlsen's
outside passed pawn?} (31... Qf5 $142 $11) 32. Bd3 $6 {Good enough to draw,
but misses an excellent opportunity.} (32. Qd6 $2 Qb1 (32... Qxd6 $4 33. exd6
Bf5 34. Bb5 $18) 33. Qa6 Qe1 $13) ({A: Ignore it and create an advanced passed
pawn of your own with:} 32. h5 $142 $1 $16 Bf5 $1 {Definitely the best defence,
though the odd ...Bc2 is similar.} (32... Bb1 $2 33. Qxf7 $18 {and push the
e-pawn.}) (32... Bxh5 33. e6 {this is the main point of h5: it deflects the B
to gain a tempo to create an advanced passer.} Bg6 (33... Qxe6 {drags it out,
but there's no doubt about the result after} 34. Qxh5 $18) 34. e7 f6 35. Bd3
$18) 33. Qxf7 Qb1 $8 (33... Qe6 $2 34. Bc4 $8 $18) 34. Kh2 $1 {avoids ...Bd3-+
and threatens Bc4+-.} Be4 $8 {makes the B safe and pins the Bf1 to mate on h1.}
35. Qc4 $1 $16 {White is safely coordinated and has the more advanced passer
and safer K.}) 32... Bxd3 33. Qxd3+ Kg8 34. Qd7 Qb1+ 35. Kg2 Qe4+ 36. Kg1 Qe1+
37. Kg2 Qe4+ 38. Kg1 Qa8 39. f4 a5 40. f5 Qf3 41. e6 {[#]} Qxg3+ (41... Qxf5
42. Qe8+ Kh7 43. Qxf7 $11 {and Black has a variety of checks which draw.}) 42.
Kf1 Qf3+ 43. Ke1 Qe3+ 44. Kd1 Qf3+ 45. Ke1 Qe3+ 46. Kd1 Qf3+ 47. Ke1 1/2-1/2

[Event "Chess.com Rapid Wk14 Swiss"]
[Site "Chess.com"]
[Date "2022.05.14"]
[Round "5"]
[White "Hansen, Eric"]
[Black "Yang, Kaiqi"]
[Result "1-0"]
[WhiteElo "2606"]
[BlackElo "2481"]
[Annotator "John Upper"]
[PlyCount "49"]
[EventDate "2022.05.14"]
[EventType "swiss (rapid)"]
[EventRounds "9"]
[EventCountry "NET"]
[SourceTitle "Chess Canada Tactiosauru"]
[Source "CFC/John Upper"]
[SourceDate "2023.03.11"]
[SourceVersion "1"]
[SourceVersionDate "2023.03.11"]
[SourceQuality "1"]

{[%evp 0,49,24,-11,-4,-11,-11,6,6,-21,1,-7,-8,-16,-2,-29,-5,3,-3,-16,-9,4,26,
25,53,53,102,48,54,43,83,83,78,43,97,93,104,109,109,127,106,131,171,286,260,
284,341,362,833,864,1107,1186]} 1. c4 e6 2. Nf3 d5 3. e3 Nf6 4. b3 c5 5. Bb2
Nc6 6. cxd5 exd5 7. Bb5 Be7 8. O-O O-O {[#]} 9. h3 $5 {[%mdl 4]} (9. d4 {
is more common, but Black seems fine after} Bg4 10. dxc5 Ne4 $1) 9... h6 $146
10. d4 Ne4 11. dxc5 Bxc5 12. Nc3 Be6 13. Bd3 f5 14. Ne2 Qe8 15. Rc1 Bb6 16. Nf4
Rd8 {[#]} 17. Bb5 $1 {Moving for the third time to return to its previous
square! If you're fixated on Black's IQP you'll be surprised by how strong
move this move is. Obviously, White threatens to win a pawn by taking twice on
c6; less obviously, White can now change the pawn structure in a way that
leaves Black with hanging pawns which White's minors and Rc1 are well placed
to fight against.} g5 18. Nxe6 Qxe6 19. Bxc6 bxc6 20. Nd4 {[#]} Qf7 ({Black
can save the c6-pawn, but it is at best temporary:} 20... Bxd4 21. Qxd4 {
looks like death on the dark squares. Black can avoid mate, but cannot save
the the c-pawn, after which the d-pawn is a target.} Rd7 {Defends g7 and a7.}
22. f3 c5 (22... Ng3 23. Rfe1 Nh5 24. Rc5 f4 25. Qc3 $18) 23. Qh8+ Kf7 24. Qg7+
Ke8 25. Qe5 $8 Qxe5 26. Bxe5 $18 {Black's loose pawns fall.}) 21. Nxc6 $18 Rde8
22. Ne5 Qb7 {[%mdl 32832] [#] Critical Position Find the most stylish win.} 23.
Rc6 $3 {White has other ways to win, but this is both the most incisive, and
the prettiest, as it seems to hang a piece:} Rxe5 24. Rg6+ $1 (24. Rxb6 $18)
24... Kh7 (24... Kf7 25. Qh5 {threatening Rxb6+.} Ke7 26. Rg7+) 25. Qh5 $1 1-0

[Event "CYCC U14 w"]
[Site "Hamilton CAN"]
[Date "2022.07.08"]
[Round "2.5"]
[White "Chen, Rachel"]
[Black "Ruchinskaya, Valerie"]
[Result "1-0"]
[WhiteElo "1945"]
[BlackElo "1612"]
[Annotator "John Upper"]
[PlyCount "73"]
[EventDate "2022.07.08"]
[EventType "swiss"]
[EventRounds "7"]
[EventCountry "CAN"]
[SourceTitle "Chess Canada Tactiosauru"]
[Source "CFC/John Upper"]
[SourceDate "2023.03.11"]
[SourceVersion "1"]
[SourceVersionDate "2023.03.11"]
[SourceQuality "1"]

1. e4 c5 2. Nf3 Nc6 3. d4 cxd4 4. Nxd4 g6 5. c4 Bg7 6. Be3 Nf6 7. Nc3 O-O 8.
Be2 d6 9. O-O Bd7 10. Qd2 Nxd4 11. Bxd4 Bc6 12. f3 a5 13. b3 Nd7 14. Be3 $1 Nc5
15. Rab1 Qb6 16. Rfc1 Rfc8 17. Rc2 Qc7 18. Bf1 Rf8 19. a3 f5 $2 20. exf5 Rxf5
21. b4 axb4 22. axb4 Na4 {[#] This is a picture of what White wants in a
Maroczy: the queenside pawn advance kicks Black's minors from their few viable
squares, and the opening of the c-file and diagonals pointing to the Black K
spell 1-0.} 23. Nd5 $1 (23. Nb5 $1 Bxb5 24. cxb5 Qd8 (24... Qd7 25. Rbc1 $18)
25. Bd3 Rf8 26. Be4 $18) 23... Bxd5 24. cxd5 Qd7 25. Rbc1 $18 Bb2 26. Rxb2 $1
Nxb2 27. Qxb2 Rc8 28. Rc3 Rxc3 29. Qxc3 Rf8 30. Bh6 Rf7 {[#]} 31. b5 $1 {
[%cal Gb5b6,Gc3c7] threatening b6 then Qc7.} Qd8 32. Kh1 {Getting out ot check
again threatens b6, since ...Qxb6 is not check White would have Qc8+ mating.
Pushing the h-pawn is also strong.} e5 {Desperately trying to activate the R.}
33. dxe6 Rc7 34. Bc4 $1 d5 35. Qd4 $1 {Saves the B by pinning the d-pawn.} Qe7
(35... Rxc4 36. Qg7#) 36. Bxd5 {[%mdl 32832] The Bh6 guards c1. [#] Critical
Position White has an overwhelming position, but what is White's immediate
threat?} Rc2 (36... Rc8 {was the only move to prevent the upcoming combo, but
Black remains hopelessly tied down.}) 37. Qg7+ $1 (37. Qg7+ $8 Qxg7 38. e7+ {
and e8=R+ mates.}) 1-0

[Event "Olympiad"]
[Site "Chennai, India"]
[Date "2022.08.03"]
[Round "6.18"]
[White "Deac, Bogdan Daniel"]
[Black "Hansen, Eric"]
[Result "1-0"]
[WhiteElo "2692"]
[BlackElo "2606"]
[Annotator "John Upper"]
[PlyCount "59"]
[EventDate "2022.??.??"]
[EventType "team-tourn"]
[EventCountry "IND"]
[SourceTitle "Chess Canada Tactiosauru"]
[Source "CFC/John Upper"]
[SourceDate "2023.03.11"]
[SourceVersion "1"]
[SourceVersionDate "2023.03.11"]
[SourceQuality "1"]
[WhiteTeam "Romania"]
[BlackTeam "Canada"]
[WhiteTeamCountry "ROU"]
[BlackTeamCountry "CAN"]

{[%mdl 8192]} 1. d4 Nf6 2. c4 e6 3. Nc3 d5 4. Nf3 c5 5. e3 {Eric spent 36
minutes on his next four moves.} a6 6. cxd5 exd5 7. g3 {[#] Black has a big
choice here: push ...c4 or play into an IQP. Both are fine, though ...c4 may
push White out of the more familiar IQP patterns.} Nc6 (7... c4 $5 8. Bg2 ({
White has no immediate way to exploit Black's advanced c-pawn:} 8. b3 b5 $11 9.
a4 $2 b4 $19) (8. a4 Bb4 $15) 8... Bb4 9. Qa4+ (9. Bd2 O-O 10. Ne5 Nc6 11. O-O
Re8 12. Nxc6 bxc6 13. b3 a5 14. bxc4 Ba6 $1 15. Qc2 Bxc4 16. Rfb1 Bxc3 17. Bxc3
Ne4 $11 {(0-1, 35) Artemiev,V (2704)-Carlsen,M (2847) chess24.com (rapid),
2021.}) 9... Nc6 10. Ne5 O-O 11. Nxc6 Bxc3+ 12. bxc3 bxc6 $15 13. O-O (13. Qxc6
$6 Qa5 $1 14. Bd2 Bf5 $17) 13... Bf5 14. Ba3 Re8 15. Qxc6 Re6 16. Qa4 h5 $1 $17
17. h3 Bd3 $1 18. Rfc1 Ne4 $19 19. Qd1 Qg5 20. Qe1 Rae8 {With huge pressure
that far outweighs the single pawn; (0-1, 41) Keymer,V (2693)-Carlsen,M (2861)
chess24.com (rapid), 2022.}) 8. Bg2 Bd6 9. O-O ({Here's a game showing how
Black slowly neutralized White's pressure on the IQP:} 9. dxc5 Bxc5 10. O-O O-O
11. b3 Be6 12. Bb2 Qe7 13. Rc1 Rac8 14. Qd3 Rfd8 15. Ne2 Ba3 16. Qb1 Ne4 17.
Qa1 Bg4 18. Ned4 Bxf3 19. Nxf3 Bxb2 20. Qxb2 Nb4 $11 {(½-½, 39) Kramnik,V 
(2793)-Sadler,M (2646) London, 2013.}) 9... O-O 10. b3 cxd4 11. Nxd4 Bg4 (11...
Be5 12. Nxc6 bxc6 13. Bb2 Bb7 (13... h5 $5 {SF15}) 14. Qc2 Rc8 15. Rfd1 Nd7 16.
Na4 Qf6 17. Rac1 Bxb2 18. Qxb2 Qxb2 19. Nxb2 f5 20. Nc4 $1 $16 {(1-0, 39)
Ringoir,T (2527)-Arribas Lopez,A (2480) Charlotte, 2018.}) 12. Qd2 Nxd4 13.
Qxd4 Re8 {[#]} 14. Nxd5 $1 {The only testing move, which nets White two pawns
for an exchange.} (14. Bb2 Be5 15. Qd3 d4 $11) 14... Be5 15. Nxf6+ Qxf6 16.
Qxg4 Bxa1 17. Bxb7 Ra7 18. Bd5 Bb2 {Eliminating the B pair.} 19. Qa4 Rd8 20. e4
{[#]} Bxc1 (20... Rc8 {doesn't concede the c-file, but leaving White the B
pair is asking for trouble; e.g.} 21. Be3 Rac7 22. Bc4 $14 Bd4 $4 23. Bxd4 Rxc4
(23... Qxd4 24. Bxf7+ $18) 24. Qxc4 $18) 21. Rxc1 $14 g6 22. Qa5 Kg7 23. Kg2
$14 Rd6 24. Rc7 Rd7 25. Rc8 $14 {[%mdl 41024] Black has no open files for his
Rs, while White has two pawns and a B for the exchange and long-term play
creating a passer by pushing the a and b-pawns. [#] Critical Position
Stablilze with ...h5, or centralize with ...Qd4 or ...Qe5?} Qe5 $4 {Not a safe
square; Black's position was more precarious than it seemed.} (25... h5 $142
26. h4 $14) (25... Qd4 $142 26. a4 f5 (26... Rd6 $5 {creating the possiblity
of bailing out with ...Rxd5!?}) 27. h4 $1 fxe4 $2 28. Rg8+ Kh6 29. Be6 $18) 26.
Rg8+ $3 $18 {Forces the K into the open, and suddenly a maneuvering game turns
into a king hunt!} Kf6 (26... Kxg8 $2 27. Bxf7+ Rxf7 28. Qxe5 $18 {the Rs are
no match for the Q and extra pawns.}) (26... Kh6 27. Qd2+ g5 (27... Qg5 28. Qc3
Rxd5 29. Qg7+ Kh5 30. Qxh7+ $18) 28. Qe3 $18 {and h4 or g4.} (28. f4 $4 Qxe4+
$19)) 27. Qb6+ Ke7 (27... Qd6 28. Qe3 $18 {and Qf3 or Qh6.}) 28. Qc5+ Kf6 (
28... Qd6 29. Qc8 Kf6 (29... Rd8 $2 30. Rxd8 Qxd8 31. Qc5+ $18) 30. Qc3+ Ke7 (
30... Qe5 31. Qf3+ $18) 31. Qg7 {hits f7 and f8.} Qf6 32. Qf8#) 29. f4 $1 Qb2+
30. Kf3 1-0

[Event "Olympiad"]
[Site "Chennai, India"]
[Date "2022.08.06"]
[Round "8.12"]
[White "Hansen, Eric"]
[Black "Yilmaz, Mustafa"]
[Result "1-0"]
[WhiteElo "2606"]
[BlackElo "2634"]
[Annotator "John Upper"]
[PlyCount "106"]
[EventDate "2022.??.??"]
[EventType "team-tourn"]
[EventCountry "IND"]
[SourceTitle "Chess Canada Tactiosauru"]
[Source "CFC/John Upper"]
[SourceDate "2023.03.11"]
[SourceVersion "1"]
[SourceVersionDate "2023.03.11"]
[SourceQuality "1"]
[WhiteTeam "Canada"]
[BlackTeam "Turkey"]
[WhiteTeamCountry "CAN"]
[BlackTeamCountry "TUR"]

{[%evp 0,106,24,13,44,51,78,55,69,61,57,48,48,-13,-2,-25,-2,-1,9,-1,-1,-1,8,-2,
20,15,36,17,32,-30,20,-6,-8,-28,4,0,16,16,16,23,16,-2,31,3,27,-7,0,-7,-7,-17,
-17,65,67,57,21,12,119,114,114,123,111,131,139,145,145,145,145,129,119,138,99,
126,145,145,149,148,148,157,151,158,152,139,143,133,133,146,123,118,128,125,
207,205,216,214,248,248,251,221,258,287,368,385,385,385,385,385,385,547,547]} 
1. e4 c5 2. Nf3 d6 3. Bb5+ Nd7 4. O-O a6 5. Bxd7+ Bxd7 6. c3 Nf6 7. Re1 {
[#] This opening might look like White wants to bore Black to death, but there
are pawn sacs for initiative here if White wants, and White plays the early
middlegame in gambit style.} e6 ({Here's another pawn sac for White:} 7... Bc6
8. d4 Bxe4 9. Bg5 $13 Bg6 10. d5 Qd7 11. Nbd2 O-O-O 12. b4 $14 {(0-1, 48)
Dubov,D (2702)-Vachier Lagrave,M (2784) chess24 rapid, 2021.}) 8. d4 Be7 $5 9.
dxc5 dxc5 10. e5 Nd5 11. c4 Nb4 {[#]} 12. a3 (12. Qe2 Bc6 (12... g5 $5) 13. Rd1
Qc7 14. Nc3 O-O 15. Ne1 Be8 16. Bf4 h6 17. Ne4 $14 b5 18. Qg4 Kh8 19. Qh3 (19.
Nf6 $1 $16) 19... Bc6 20. Nd6 $1 bxc4 21. Bxh6 $1 gxh6 $2 22. Qxh6+ Kg8 23.
Rac1 $1 Bd5 24. Rc3 Nd3 25. Nxd3 Bxd6 26. Nf4 {(1-0, 26) Martinez Alcantara,J 
(2591)-Yilmaz,M (2634) Chess.com, 2022.}) 12... Nc6 13. Nc3 Na5 14. Bf4 {[#]}
Bc6 ({Black has made five moves the Na5 -- which started on g8 -- and now} 
14... Nxc4 $5 {would be the logical continuation after, but Black seems to
have had second thoughts about taking the pawn for time. Taking is playable,
but here's one example of the risks:} 15. Qe2 b5 (15... Bb5 $4 16. a4 $18) 16.
Rad1 $32 {e.g.} Qc7 $2 17. Nd5 $3 $16 exd5 18. e6 Bd6 (18... Qxf4 19. exd7+ $18
) 19. exd7+ Kxd7 20. Rxd5 Rae8 21. Bxd6 Nxd6 22. Ne5+ $16) 15. Qe2 Qb6 16. Ne4
Bxe4 17. Qxe4 {[#]} Rd8 (17... Qxb2 $2 18. Bd2 $8 $18 Qb6 19. Rab1 Qc7 20. Bxa5
Qxa5 21. Rxb7 $18 {if Black guards against Qc6 White just doubles Rs and is
effectively up a R.}) 18. Rab1 Nc6 19. Be3 Qb3 20. Qg4 Kf8 (20... O-O $2 21.
Bh6 {is a free exchange.}) 21. h4 h6 22. h5 Rg8 23. Rec1 Qd3 {[%mdl 32832] [#]
Critical Position White's rooks are lined up for b2-b4; is that worth it as a
pawn sac?} 24. b4 $1 cxb4 $2 {24.b2-b4 was a genuine pawn sac, but not this
way.} (24... Qxa3 $142 25. bxc5 Rd7 26. Rd1 (26. Qe4 $1) 26... Rxd1+ 27. Rxd1
Bxc5 28. Bxc5+ Qxc5 29. Rd7 $16 {Black is up a pawn, but his Rg8 isn't in the
game and his Nc6 can't move without hanging the R; e.g.} Nxe5 30. Nxe5 Qxe5 31.
Rd8+ $18) (24... g5 $142 $1 {If White doesn't take Black has ...Kg7,
connecting the Rs.} 25. b5 (25. hxg6 Rxg6 $132) 25... axb5 26. Rxb5 (26. cxb5
Nd4 {not possible when Black has played ...cxb4.} 27. Bxd4 cxd4 28. a4 $13)
26... Kg7 27. Rxb7 Rb8 $13) 25. axb4 {[%cal Gb4b5]} Nxb4 {Bad, but best.} (
25... Bxb4 26. Rxb4 Nxb4 27. Bc5+ $18 {exploits the Kf8.}) 26. Nd4 $1 $16 {
[#] Prevents the Q from escaping to d7, adds support to d1 and threatens Rd1
then Nxe6+, overloading the Be7. None of this was possible when Black had a
pawn on c5.} g5 (26... Qa3 {Gets the Q out of the way and defends the N, but
the Black K has too few defeneders of the light squares, so:} 27. Nxe6+ $1 (27.
Rd1 $1 {is less direct but at least as strong.}) 27... fxe6 28. Qxe6 {the
immediate threat is Qf5+ then e6, but even without a minor piece to attack the
light squares, White would have a hard time playing a move that doesn't make a
serious threat; e.g.} Rh8 {making space on g8 for the K.} 29. Bb6 Re8 30. Re1
$18 {and R up and over to the f-file.} Nc2 {stops Re3} 31. Re4 Bg5 {stops Re4}
32. Qd5 Rc8 {stops Bc5+} 33. Qxb7 $18 Re8 {saves the R} 34. Qd5 {threatening
Bc5 again and ready to advance the c-pawn.}) 27. Rd1 $8 $18 Qxc4 28. Rxb4 $8 {
Deflecting the Q from e6 or the B from d8.} Qxb4 29. Nxe6+ $8 $18 fxe6 30.
Rxd8+ $8 {The Be7 is overloaded.} Kf7 (30... Kg7 $2 31. Rxg8+ Kxg8 32. Qxe6+
$18) 31. Qf3+ $8 Kg7 32. Rd7 {Threatening Qf6 mating.} Rf8 $8 {[#]} 33. Qxb7 $6
{Gets a pawn back and keeps some initiative, but gives up most of White's
advantage.} (33. Qd1 $142 {has two threats: Qd6 and Qc2/d3 to g6.} Kh8 (33...
Rf7 34. Qd3 Rf5 35. Qd6 $1 $18) 34. Qc2 Rf5 35. Qc7 $18) 33... Rf7 $1 34. Qxa6
Qb1+ 35. Qf1 $1 (35. Kh2 Qf5 $8 $14) 35... Qxf1+ 36. Kxf1 Kf8 $8 37. g4 Bb4 38.
Rd8+ Kg7 39. Re8 Re7 40. Rb8 Bc3 41. Rb5 Rd7 42. Ke2 Bd4 43. Bc1 Rc7 {[#]} 44.
Bd2 (44. Ba3 $142 $1 {A really tough move to play, allowing Black's R into the
backfield.} Rc2+ (44... Rc3 $2 45. Rb7+ Kg8 46. Bd6 $18) 45. Kd3 Rc3+ 46. Kxd4
Rxa3 47. Rb7+ Kg8 48. Kc5 $18 {wins the e6-pawn and promotes e5.}) 44... Rc5 $2
(44... Rc4 $142 {creating threats along the 4th rank; e.g.} 45. Rb7+ (45. f4
gxf4 46. Bxf4 Bc5 47. Rb7+ Kg8 48. Bxh6 Rxg4 $11) 45... Kg8 46. f4 gxf4 47.
Bxf4 Bxe5 48. Bxh6 (48. Bxe5 Re4+ $11) 48... Rxg4 $11) 45. Rb7+ $8 $18 Kg8 46.
f4 $1 gxf4 47. Bxf4 Bxe5 48. Bxh6 Bf6 {[#]} 49. g5 $1 Rxg5 (49... Bxg5 50. Rg7+
Kh8 51. Rxg5 Rxg5 52. Bxg5 $18 {the B covers the promotion corner.}) 50. Bxg5
Bxg5 51. Kf3 Bd2 52. Ke4 Bc3 53. Kf4 Kf8 1-0

[Event "Quebec op"]
[Site "Laval"]
[Date "2022.09.05"]
[Round "7.1"]
[White "Perez Rodriguez, Luis Manuel"]
[Black "Sambuev, Bator"]
[Result "0-1"]
[WhiteElo "2335"]
[BlackElo "2436"]
[Annotator "John Upper"]
[PlyCount "82"]
[EventDate "2022.09.01"]
[EventType "swiss"]
[EventRounds "9"]
[EventCountry "CAN"]
[SourceTitle "Chess Canada Tactiosauru"]
[Source "CFC/John Upper"]
[SourceDate "2023.03.11"]
[SourceVersion "1"]
[SourceVersionDate "2023.03.11"]
[SourceQuality "1"]

{[%evp 0,82,20,17,41,49,47,43,14,34,62,34,11,14,11,18,18,8,8,14,14,15,14,2,-6,
2,6,14,42,12,13,-13,46,46,47,33,42,13,21,11,43,18,56,43,43,29,74,15,4,7,8,0,0,
6,16,0,-1,0,0,6,4,-22,-26,-48,-41,-37,-35,-26,-37,-24,-19,-43,-31,-56,-52,-180,
-176,-158,-199,-180,-192,-194,-190,-177,-214]} 1. e4 e6 2. d4 d5 3. Nd2 c5 4.
exd5 exd5 5. Ngf3 Nf6 6. Bb5+ Bd7 7. Bxd7+ Nbxd7 8. O-O Be7 9. dxc5 Nxc5 10.
Re1 O-O 11. Nf1 Re8 12. Be3 a5 13. Bd4 a4 14. Ne3 a3 15. Nf5 Bf8 16. Rxe8 Nxe8
17. bxa3 Ne6 18. Rb1 Rxa3 19. Rxb7 Rxa2 20. Be5 f6 21. Rb8 Qd7 22. Bg3 N8c7 23.
h4 Na6 24. Ra8 Nb4 25. Rxa2 Nxa2 26. Qa1 Nb4 27. c3 Nc6 28. Qa8 Kf7 29. Qa2 Bc5
30. Qd2 h5 31. Ne1 g6 32. Ne3 Bxe3 $11 33. Qxe3 Ne7 34. Nd3 Nf5 35. Qf3 Qb5 36.
Nb4 $2 (36. Qd1 $142 $11) 36... d4 $1 $17 37. Qd5 $2 {[%mdl 36928] [#]
Critical Position Find Black's forced win.} (37. Nd5 d3 $19) 37... Qxd5 $8 38.
Nxd5 Nxg3 $8 (38... d3 39. Kf1 $8 $11) 39. fxg3 Nc7 $3 $19 {The only winning
move: deflecting the N from defending against ...dxc3, which also moves "the
square" out of range of the white king.} 40. Nf4 (40. c4 Nxd5 41. cxd5 $19 {
Black wins the d5-pawn and the game.} f5) (40. Nxc7 dxc3 $8 $19 {the N and K
can't catch the P.}) 40... dxc3 41. Kf2 Nd5 0-1